Регионална библиотека "Любен Каравелов" - Русе

Разкази | Вишнева градина (Запис номер 174611)

MARC детайли
000 -Лидер
Контролно поле с фиксирана дължина 01596nam a2200337 c 4500
003 - Код на организацията, давaща контролен номер
Контролно поле BLK
005 - Дата и час на последна редакция
Контролно поле 20230510124646.0
008 - Елементи от данни с фиксирана дължина
fixed length control field 180411b bul|||||r ||||||| ||bul||
010 ## - Наследен системен номер
LC control number KNG00183103000
040 ## - Източник на каталожния запис
Идентификатор на билиотеката - собственик на записа BLK
041 ## - Код за език
Код за езика на текст/звукозапис или на отделно заглавие Български
Код за езика КДБФ Български
080 ## - УДК
Текстов определител УДК Руска литература
УДК код - определител по УДК 821.161.1
УДК определител -32
УДК - код + определител 821.161.1-32
080 ## - УДК
Текстов определител УДК Руска литература
УДК код - определител по УДК 821.161.1
УДК определител -2
УДК - код + определител 821.161.1-2
100 1# - Редна дума - Автор
Автор Чехов, Антон Павлович
Авторска отговорност първи автор
R(LIN) 367913
139 ## - Редно поле
Редна дума Чехов, Антон Павлович
Авторски знак Чехов - Ч 77
245 10 - Сведения за заглавието
Заглавие Разкази
Редно поле (дума) Антон Павлович Чехов; състав. Георги Германов; прев. от рус. Лиляна Тодорова Минкова.
245 10 - Сведения за заглавието
Заглавие Вишнева градина
Подзаглавни данни Пиеса
Редно поле (дума)
257 ## - Страна на издаване
Страна на създаване/издаване Русия
260 ## - Област на издателските данни
-- София
Име на издателя, разпространителя и проч. Отечество
Година на издаване 1988
300 ## - Физическа характеристика
Страници 256 с.
Размери/Мащаб 21 см
380 ## - Жанр
Жанр Худож. лит.
490 1# - СЕРИИ (Колекции)
Име на серия Библиотека за ученика
500 ## - Общи забележки
Забележка Прев. е направен от Собрание сочинений в 12 томах. - Други прев. : И. Владова, Ж. Купенова, Ив. Николов, К. Койчева, Р. Стоянов, Н. Тодоров, Л. Ацева, В. Райчев, Е. Хаджиева.
700 1# - Други автори (авторска отговорност)
Лично име Германов, Георги
Автороска отговорност (Описва отношението между автора и произведението) състав.
9 (RLIN) 375649
700 1# - Други автори (авторска отговорност)
Лично име Минкова, Лиляна Тодорова
9 (RLIN) 372041
852 ## - Местоположение
Форматна сигнатура Цб 152306
856 4# - Електронен адрес и достъп
Електронен формат pdf - файл
Път до файла /url/
856 4# - Електронен адрес и достъп
Електронен формат pdf - файл
Път до файла /url/
942 ## - АРТИКУЛИ
Вид на библиотечния материал Книги
Скрит в OPAC Не
944 ## - СЪЗДАВАНЕ И РЕДАКЦИЯ на ЗАПИСА
Създаване/Редакция Създаване
Дата на регистрацията/редакция 02.10.2015
Служител, извършил регистрацията/редакцията Камелия_Данева
944 ## - СЪЗДАВАНЕ И РЕДАКЦИЯ на ЗАПИСА
Създаване/Редакция Редакция
Дата на регистрацията/редакция 11.08.2016
Служител, извършил регистрацията/редакцията Нора_Радева
999 ## - СИСТЕМНИ КОНТРОЛНИ НОМЕРА
Koha biblionumber 174611
Koha biblioitemnumber 174611
Наличности
Код за отписване Код за изгубен артикул Източник на класификационната схема Код за повреда Коз за рестрикции Код за отдаване Артикулен № Име на библиотеката - собственик Име на библиотеката, в която се намира в момента Статус (Текущо местоположение) Дата на вписване в системата Местоположение - отдел Цена в лева Инвентарен номер Систематично азбучна сигнатура Баркод Номер на екземпляра Цена в евро Служебна бележка Служебен тип на артикула Бележка за публиката
  Не е изгубен Universal Decimal Classification Не е повреден без рестрикции ползва се в читалня 299973 Регионална библиотека "Любен Каравелов" Русе Регионална библиотека "Любен Каравелов" Русе Хранилище 1988-01-01 Хранилище 0.68 493307 Цб 152306 120000493307 1 0.35 Дост: Dp Вид: Д N: стар фонд Дата: 01.01.1988 Книги  
Изтеглен Не е изгубен Universal Decimal Classification Не е повреден без рестрикции заемане за дома 299974 Регионална библиотека "Любен Каравелов" Русе Регионална библиотека "Любен Каравелов" Русе Детски отдел 1988-01-01 Детски отдел 0.68 568527 ДХ 820/899/Ч 77 568527 2 0.35 N: стар фонд Дата: 01.01.1988 Дата инв: 07.10.2015 Бележки инв: Д2015 Книги  
Изтеглен Не е изгубен   Не е повреден без рестрикции заемане за дома 299975 Регионална библиотека "Любен Каравелов" Русе Регионална библиотека "Любен Каравелов" Русе   1988-01-01 Детски отдел 0.68 568528 ДХ 820/899/Ч 77 568528 3 0.35 N: стар фонд Дата: 01.01.1988 Дата инв: 07.10.2015 Бележки инв: Д2015 Книги Отч.N: 47/2017 , Дата: 05.10.2017
Изтеглен Не е изгубен Universal Decimal Classification Не е повреден без рестрикции заемане за дома 299976 Регионална библиотека "Любен Каравелов" Русе Регионална библиотека "Любен Каравелов" Русе Детски отдел 1988-01-01 Детски отдел 0.68 568529 ДХ 820/899/Ч 77 568529 4 0.35 N: стар фонд Дата: 01.01.1988 Дата инв: 07.10.2015 Бележки инв: Д2015 Книги  
Изтеглен Не е изгубен   Не е повреден без рестрикции заемане за дома 299977 Регионална библиотека "Любен Каравелов" Русе Регионална библиотека "Любен Каравелов" Русе   1988-01-01 Детски отдел 0.68 568530 ДХ 820/899/Ч 77 568530 5 0.35 N: стар фонд Дата: 01.01.1988 Дата инв: 07.10.2015 Бележки инв: Д2015 Книги Отч.N: 47/2017 , Дата: 05.10.2017
Изтеглен Не е изгубен   Не е повреден без рестрикции заемане за дома 299978 Регионална библиотека "Любен Каравелов" Русе Регионална библиотека "Любен Каравелов" Русе   1988-01-01 Детски отдел 0.68 568533 ДХ 820/899/Ч 77 568533 6 0.35 N: стар фонд Дата: 01.01.1988 Дата инв: 07.10.2015 Бележки инв: Д2015 Книги Отч.N: 47/2017 , Дата: 05.10.2017
Изтеглен Не е изгубен   Не е повреден без рестрикции заемане за дома 299979 Регионална библиотека "Любен Каравелов" Русе Регионална библиотека "Любен Каравелов" Русе   1988-01-01 Детски отдел 0.68 568534 ДХ 820/899/Ч 77 568534 7 0.35 N: стар фонд Дата: 01.01.1988 Дата инв: 07.10.2015 Бележки инв: Д2015 Книги Отч.N: 47/2017 , Дата: 05.10.2017
Vip Innovations Ltd, Rousse, Bulgaria 2025